000 00615cam a2200145 4500500
005 20260208005914.0
041 _afre
042 _adc
100 1 0 _aScepi, Henri
_eauthor
245 0 0 _aMICHEL MURAT, Le Coup de dés de Mallarmé. Un recommencement de la poésie. Belin, L’Extrême contemporain, 2005. Un vol. 21,5 × 13,5 de 178 p.
260 _c2006.
500 _a4
786 0 _nRevue d'histoire littéraire de la France | 106 | 4 | 2006-10-01 | p. 959zp-1017zp | 0035-2411
856 4 1 _uhttps://shs.cairn.info/revue-d-histoire-litteraire-de-la-france-2006-4-page-959zp?lang=fr&redirect-ssocas=7080
999 _c1654305
_d1654305